[Event "Rio Negro IRT"]
[Site "Rio Negro"]
[Date "2018.08.??"]
[Round "4.6"]
[White "Lucena, Julian"]
[Black "Contreras, Juan Carlos"]
[Result "1-0"]
[WhiteElo "1843"]
[BlackElo "1698"]
[PlyCount "25"]
[EventDate "2018.08.17"]
[EventType "tourn"]
[EventRounds "6"]
[EventCountry "ARG"]
[SourceTitle "EXT 2024"]
[Source "ChessBase"]
[SourceDate "2023.10.10"]
[SourceVersion "1"]
[SourceVersionDate "2023.10.10"]
[SourceQuality "1"]

1. d4 f5 2. c4 e6 3. Nc3 Nf6 4. Nf3 Be7 5. Bg5 b6 6. e3 Bb7 7. Bd3 d6 8. Qc2 d5 9. Bxf6 Bxf6 10. cxd5 Bxd5 11. Nxd5 Qxd5 12. Qxc7 Bd8 13. Qxg7 1-0